| 000 | 00429nam a22001697a 4500 | ||
|---|---|---|---|
| 005 | 20160630122746.0 | ||
| 008 | 160630b xxu||||| |||| 00| 0 eng d | ||
| 020 | _a81-219-1666-6 | ||
| 041 | _aeng | ||
| 082 | _b19730 | ||
| 100 |
_aRajput, R K _93270 |
||
| 245 | _aFluid Mechanics & hydraulic machines | ||
| 260 |
_aNew Delhi _bSultan Chand & Sons, _c2014 |
||
| 300 | _a416 | ||
| 650 |
_aDiploma Engineering _9817 |
||
| 942 | _cBK | ||
| 999 |
_c4923 _d4921 |
||